书目信息 |
| 题名: |
生物安全实验室建筑技术规范
|
|
| 作者: | ;中华人民共和国建设部 , 国家质量监督检验检疫总局 联合发布 | |
| 分册: | ||
| 出版信息: | 北京 中国建筑工业出版社 2004.08 |
|
| 页数: | 84页 | |
| 开本: | 21cm | |
| 丛书名: | 中华人民共和国国家标准 | |
| 单 册: | ||
| 中图分类: | T-652.2 , TU244.5-65 | |
| 科图分类: | ||
| 主题词: | 土木工程--tu mu gong cheng--标准--中国 , 民用建筑--建筑设计 | |
| 电子资源: | ||
| ISBN: | ||
| 000 | 01514nam 2200325 450 | |
| 001 | 012006309223 | |
| 005 | 20060313170251.96 | |
| 010 | @dCNY12.00 | |
| 091 | @a15112.11681@dCNY12.00 | |
| 094 | @bGB 50346-2004 | |
| 100 | @a20060313d2004 km y0chiy0120 ea | |
| 101 | 0 | @achi |
| 102 | @aCN@b110000 | |
| 105 | @aa l 000yy | |
| 200 | 1 | @a生物安全实验室建筑技术规范@Asheng wu an quan shi yan shi jian zhu ji shu gui fan@f中华人民共和国建设部, 国家质量监督检验检疫总局联合发布@Fzhong hua ren min gong he guo jian she bu,guo jia zhi liang jian du jian yan jian yi zong ju lian he fa bu |
| 210 | @a北京@c中国建筑工业出版社@d2004.08 | |
| 215 | @a84页@c图@d21cm | |
| 225 | 2 | @a中华人民共和国国家标准@Azhong hua ren min gong he guo guo jia biao zhun |
| 300 | @a本标准于:2004-08-03发布 2004-09-01实施 | |
| 300 | @a本标准标准号为:GB 50346-2004 | |
| 330 | @a本规范包括10章和3个附录,主要内容包括规定了生物安全实验室建筑平面、装修和结构的技术要求,实验室的基本技术指标要求,对作为规范核心内容的空气调节与空气净化部分,则详尽地规定了气流组织、系统构成及系统。 | |
| 410 | 0 | @12001 @a中华人民共和国国家标准 |
| 606 | 0 | @a土木工程@Atu mu gong cheng@x标准@y中国 |
| 606 | 0 | @a民用建筑@x建筑设计 |
| 690 | @aT-652.2@v4 | |
| 690 | @aTU244.5-65@v3 | |
| 711 | 02 | @a中华人民共和国建设部@Azhong hua ren min gong he guo jian she bu@4联合发布 |
| 711 | 02 | @a国家质量监督检验检疫总局@Aguo jia zhi liang jian du jian yan jian yi zong ju@4联合发布 |
| 801 | 0 | @aCN@bQSSK@c20060313 |
| 905 | @a10447@dTU244.5-65@eJ310 | |
| 生物安全实验室建筑技术规范/中华人民共和国建设部, 国家质量监督检验检疫总局联合发布.-北京:中国建筑工业出版社,2004.08 |
| 84页:图;21cm.-(中华人民共和国国家标准) |
| 本标准于:2004-08-03发布 2004-09-01实施.-本标准标准号为:GB 50346-2004 |
| ISBN :CNY12.00 |
| 本规范包括10章和3个附录,主要内容包括规定了生物安全实验室建筑平面、装修和结构的技术要求,实验室的基本技术指标要求,对作为规范核心内容的空气调节与空气净化部分,则详尽地规定了气流组织、系统构成及系统。 |
| ● |
| 相关链接 |
|
|
|
正题名:生物安全实验室建筑技术规范
索取号:TU244.5-65/J310
 
预约/预借
| 序号 | 登录号 | 条形码 | 馆藏地/架位号 | 状态 | 备注 |
| 1 | 556193 | 205561934 | 建筑库101/404自科库 21排2列5层/ [索取号:TU244.5-65/J310] | 在馆 | |
| 2 | 556194 | 205561943 | 建筑库101/404自科库 21排2列5层/ [索取号:TU244.5-65/J310] | 在馆 |